书目信息 |
| 题名: |
机械制造基础
|
|
| 作者: | 王甫茂 , 李正峰 主编 | |
| 分册: | ||
| 出版信息: | 上海 上海交通大学出版社 2005 |
|
| 页数: | 344页 | |
| 开本: | 20cm | |
| 丛书名: | 21世纪高等职教通用教材 | |
| 单 册: | ||
| 中图分类: | TH1 | |
| 科图分类: | ||
| 主题词: | 机械工业 , 仪表工业 | |
| 电子资源: | ||
| ISBN: | 7-313-04027-X | |
| 000 | 00709nam0 2200241 450 | |
| 001 | 0642062359 | |
| 005 | 20061121145903.51 | |
| 010 | @a7-313-04027-X@dCNY 36.00 | |
| 100 | @a20061106d2005 km y0chiy0120 ea | |
| 101 | 0 | @achi |
| 102 | @aCN@b310000 | |
| 200 | 1 | @a机械制造基础@Aji xie zhi zao ji chu@f王甫茂,李正峰主编@Fwang fu mao,li zheng feng zhu bian |
| 210 | @a上海@c上海交通大学出版社@d2005 | |
| 215 | @a344页@d20cm | |
| 225 | 2 | @a21世纪高等职教通用教材 |
| 410 | 0 | @12001 @a21世纪高等职教通用教材 |
| 606 | 0 | @a机械工业 |
| 606 | 0 | @a仪表工业 |
| 690 | @aTH1@v4 | |
| 701 | 0 | @a王甫茂@Awang fu mao@4主编 |
| 701 | 0 | @a李正峰@Ali zheng feng@4主编 |
| 801 | @aCN@c20061121 | |
| 905 | @apdsgxy@dTH1@eW174 | |
| 机械制造基础/王甫茂,李正峰主编.-上海:上海交通大学出版社,2005 |
| 344页;20cm.-(21世纪高等职教通用教材) |
| ISBN 7-313-04027-X:CNY 36.00 |
| ● |
| 相关链接 |
|
|
|
正题名:机械制造基础
索取号:TH1/W174
 
预约/预借
| 序号 | 登录号 | 条形码 | 馆藏地/架位号 | 状态 | 备注 |
| 1 | 612488 | 206124889 | 自科库501/501自科库 31排3列3层/ [索取号:TH1/W174] | 在馆 | |
| 2 | 612489 | 206124898 | 自科库501/501自科库 31排3列3层/ [索取号:TH1/W174] | 在馆 | |
| 3 | 612490 | 206124905 | 自科二线504/504自科库 40排1列3层/ [索取号:TH1/W174] | 在馆 |